000 01040cam a22003253u 4500
001 11515075
003 ARRUPE
005 20150914115804.0
006 m d
007 cr n
008 150715s1968 ||||||||s|||||||| ||||| d
020 _a9780444534132
020 _a044453413X
035 _a(WaSeSS)ssib010494398
040 _aWaSeSS
_cWaSeSS
_dWaSeSS
_erda
050 _aQ175.
_bI518 1965
100 1 _aLakatos, Imre.
_915098
210 1 0 _aProblems in the Philosophy of Science /
245 1 0 _aProblems in the Philosophy of Science /
_cLakatos, Imre.
260 _aAmsterdam
_bNorth-Holland
_c1968
300 _aix, 448p.;
_c23cm.
500 _aTitle from content provider.
506 _aLicense restrictions may limit access.
650 _aScience
_2Philosophy
_vCongresses
_919789
700 1 _aLakatos, Imre.
_915098
700 1 _aMusgrave, Alan.
_919790
773 0 _teBook - Mathematics (Legacy 1) [EBCML1]
910 _aSerials Solutions supplemental brief record
942 _2lcc
_cMONOGRAPH
999 _c123390
_d123390